| 000 | 00608nam a2200277Ia 4500 | ||
|---|---|---|---|
| 005 | 20260401122359.0 | ||
| 008 | 008 250103s9999 xx 000 0 eng d | ||
| 037 | _aTB | ||
| 040 | _aEDL | ||
| 040 | _beng | ||
| 040 | _cEDL | ||
| 041 | _2eng | ||
| 041 | _aeng | ||
| 084 | _a398.2 OZA | ||
| 084 | _qEDL | ||
| 100 |
_aOzaki, Yei Theodora _91233425 |
||
| 245 | 0 | _aJapanese Fairy Tales | |
| 245 | 0 | _cOzaki, Yei Theodora | |
| 260 | _aNew York | ||
| 260 | _bGrosset & Dunlap | ||
| 300 | _a303p | ||
| 942 | _cTB | ||
| 942 | _h398.2 OZA | ||
| 999 |
_c1846904 _d1846904 |
||